000 00339nam a2200145Ia 4500
003 OSt
005 20231230084518.0
008 170523s9999 xx 000 0 und d
020 _a9788126519859
040 _cIIMYU
100 _aRamachandran- K.P.
245 0 _aMechatronics & Microprocessors
260 _aWiley India
942 _2ddc
_c03
999 _c12437
_d12437